[Event "FICGS rapid C 000086 email"]
[Site "FICGS email"]
[Date "2010.04.29"]
[Round "1"]
[White "Leite, David"]
[Black "Garcia Carrillo, Exal de Jesus"]
[Result "1-0"]
[WhiteElo "1500"]
[BlackElo "1559"]
[PlyCount "23"]
[EventDate "2010.??.??"]
[EventType "tourn (rapid)"]
[EventRounds "5"]
[SourceTitle "Corr 2013"]
[Source "ChessBase"]
[SourceDate "2012.11.12"]
[SourceVersion "1"]
[SourceVersionDate "2012.11.12"]
[SourceQuality "1"]

1. c4 e5 2. Nc3 Nf6 3. Nf3 d5 4. cxd5 Nxd5 5. Nxe5 f6 6. Qa4+ c6 7. Nf3 Be7 8. e4 Nxc3 9. bxc3 0-0 10. d4 Nd7 11. Bc4+ Kh8 12. Qc2 1-0

[Event "FICGS rapid D 000037 email"]
[Site "FICGS email"]
[Date "2010.03.21"]
[Round "1"]
[White "Kehayov, Yulian"]
[Black "Leite, David"]
[Result "0-1"]
[WhiteElo "1300"]
[BlackElo "1500"]
[PlyCount "62"]
[EventDate "2010.??.??"]
[EventType "tourn (rapid)"]
[EventRounds "6"]
[SourceTitle "Corr 2013"]
[Source "ChessBase"]
[SourceDate "2012.11.12"]
[SourceVersion "1"]
[SourceVersionDate "2012.11.12"]
[SourceQuality "1"]

1. c4 e5 2. d4 exd4 3. Qxd4 Nc6 4. Qd1 Nf6 5. Nc3 Bb4 6. Bd2 0-0 7. e3 d6 8. Nf3 Bg4 9. a3 Bxc3 10. Bxc3 Ne4 11. Rc1 Re8 12. h3 Bh5 13. Be2 Nxc3 14. Rxc3 Qf6 15. 0-0 Re4 16. Rc2 a5 17. b3 Rae8 18. Qd3 Bg6 19. Qc3 Qxc3 20. Rxc3 b6 21. Rfc1 R4e6 22. Bf1 h6 23. Be2 Bh7 24. Bd3 Bxd3 25. Rxd3 Ne5 26. Nxe5 Rxe5 27. Rcd1 f5 28. Rd5 Kf7 29. Rxe5 Rxe5 30. Rd4 Ke6 31. f4 Rxe3 0-1

[Event "FICGS rapid D 000037 email"]
[Site "FICGS email"]
[Date "2010.03.21"]
[Round "1"]
[White "Yloenen, Olli"]
[Black "Leite, David"]
[Result "0-1"]
[WhiteElo "1433"]
[BlackElo "1500"]
[PlyCount "94"]
[EventDate "2010.??.??"]
[EventType "tourn (rapid)"]
[EventRounds "6"]
[SourceTitle "Corr 2013"]
[Source "ChessBase"]
[SourceDate "2012.11.12"]
[SourceVersion "1"]
[SourceVersionDate "2012.11.12"]
[SourceQuality "1"]

1. e4 c6 2. d4 d5 3. e5 Bf5 4. Nf3 e6 5. Be2 c5 6. c3 Ne7 7. dxc5 Nec6 8. Be3 Nd7 9. Bb5 Bxc5 10. Bxc5 Nxc5 11. 0-0 0-0 12. Bxc6 bxc6 13. Na3 Qb6 14. b4 Nd3 15. Qe2 a5 16. Nc2 axb4 17. cxb4 Nxb4 18. Nxb4 Qxb4 19. a3 Rxa3 20. Rxa3 Qxa3 21. h3 Be4 22. Nd2 Bd3 23. Qe3 Ra8 24. Nb1 Bxb1 25. Qxa3 Rxa3 26. Rxb1 g6 27. Rc1 Ra6 28. f4 Kf8 29. Kf2 Ke7 30. g4 Kd7 31. Rc3 Ra4 32. Kf3 Ra5 33. Rd3 c5 34. Ke3 c4 35. Rc3 Kc6 36. Kd4 Ra2 37. f5 Rd2+ 38. Ke3 d4+ 39. Kxd2 dxc3+ 40. Kxc3 Kd5 41. fxg6 fxg6 42. g5 Kxe5 43. Kxc4 Kf4 44. Kd4 e5+ 45. Kd3 Kf3 46. h4 e4+ 47. Kd2 Kf2 0-1